Quo vadis /

Guardado en:
Detalles Bibliográficos
Autor principal: SIENKIEWICZ, Henryk (Autor)
Otros Autores: SEDLÁK, Ján (Traductor)
Formato: Libro
Lenguaje:eslovaco
Publicado: Bratislava; Tatran; 1990
Edición:6. vydanie
Colección:METEOR 135. zväzok
Etiquetas: Agregar Etiqueta
Sin Etiquetas, Sea el primero en etiquetar este registro!

MARC

LEADER 00000nam a22000003a 4500
001 0102998
003 SK-STU
005 20230628174330.0
007 ta
008 230628s ----xo-----e------000-0-----d
020 |a 80-222-0128-6 
040 |a STU  |b slo 
041 0 |a slo 
044 |a xo 
100 1 |a SIENKIEWICZ, Henryk  |4 aut 
245 1 0 |a Quo vadis /  |c aut. Henryk SIENKIEWICZ ; prekl. Ján SEDLÁK 
250 |a 6. vydanie 
260 |a Bratislava;  |b Tatran;  |c 1990 
300 |a 560 strán 
490 0 |a METEOR  |v 135. zväzok 
700 1 |a SEDLÁK, Ján  |4 trl 
996 |c I* 4SOA13976  |l I  |s A  |a 24  |w 0102998_0001